Minecraft Youtubers : Ultimate Challenge! - Statistics

General Stats
  • This quiz has been taken 436 times
  • The average score is 6 of 15
Answer Stats
Hint UTubers % Correct
Know also as TheDiamondMinecart. DanTDM
88%
He is Unspeakable. UnspeakableGaming
77%
He is Ballistic! iBallisticSquid
67%
Cupcakes! iHasCupquake
51%
Friend of the Unspeakable dude. PrestonPlays
43%
His real name is Joseph Garrett. stampylongnose
40%
Lives in a castle. Name starts with Little. LittleKelly
35%
Friend of the Unspeakable dude. (An animal) MooseCraft
30%
He is not little. He is Tiny. TinyTurtle
28%
Plays CrazyCraft. House magical castle. LDShadowlady
25%
Friend of previous two. LittleLizard
23%
Lives in a castle. Previous is her sister. LittleCarly
20%
Plays CrazyCraft. House is Adventure Time tree. SmallishBeans
19%
Plays CrazyCraft. House is Luigi's Mansion. Yammy
5%
Friend of the Tiny dude. RoPo
1%
No matching quizzes found
Score Distribution
Percent of People with Each Score
Percentile by Number Answered
Your Score History
You have not taken this quiz